| 000 | 00808cam a22002414a 4500 | ||
|---|---|---|---|
| 020 | _a9789715601375 | ||
| 040 | _cDLC | ||
| 082 | _a330 SEA 2006 A017 Or. | ||
| 100 | 1 | _aBalisacan, A. M. | |
| 245 | 1 | 0 |
_aSecuring rice, reducing poverty : _bchallenges and policy directions / |
| 260 |
_a[Los BaƱos] : _bSEARCA, _cc2006. |
||
| 300 |
_aviii, 352 p. : _bill., map ; _c26 cm. |
||
| 500 | _a"A collaborative project of SEAMEO SEARCA, PhilRice, DA-BAR"--P. [4] of cover. | ||
| 650 | 0 | _aRice | |
| 650 | 0 | _aFood supply | |
| 650 | 0 | _aPoverty | |
| 700 | 1 | _aSebastian, L. S. | |
| 700 | 1 | _aAlpuerto, Vida Lina Esperanza B. | |
| 710 | 2 | _aSoutheast Asian Regional Centre for Graduate Study and Research in Agriculture. | |
| 710 | 2 | _aPhilippine Rice Research Institute. | |
| 710 | 1 | _aPhilippines. | |
| 942 | _cEK | ||
| 999 |
_c12096 _d12096 |
||